| 000 | 00908nam0a22002651 4500 | ||
|---|---|---|---|
| 001 | rc\477 | ||
| 005 | 20250620110645.0 | ||
| 010 |
_a5-233-00217-5 _9100 |
||
| 035 | _a(NLR Aleph) 005291334 | ||
| 090 |
_a6193308 _c6193308 |
||
| 100 | _a20021204d1995 |||y0rusy50 ca | ||
| 101 | 0 | _arus | |
| 102 | _aRU | ||
| 105 | _aa ||||||||| | ||
| 200 | 1 |
_aПедагогическая рискология _fРос. гос. пед. ун-т им. А.И. Герцена |
|
| 210 |
_aСПб. _cОбразование _d1995 |
||
| 215 |
_a93 с. _cил. _d21 |
||
| 320 | _aБиблиогр. в примеч.: с. 88-92 | ||
| 700 | 1 |
_7ca _8rus _aАбрамова _bИ. Г. _cд-р пед. наук, методист _f1946-2005 _gИрина Георгиевна _9233937 _3RU\NLR\AUTH\770233993 |
|
| 801 | 0 |
_aRU _bNLR _gpsbo |
|
| 801 | 1 |
_aRU _bELAR _2rusmarc |
|
| 852 |
_aNLR _j95-4/8956 |
||
| 942 | _cBOOK | ||
| 980 | _aNB | ||